Welcome to the Holygrace Academy Library

Please use search bar below to get started

WALKING NAKED (Record no. 4251)

MARC details
000 -LEADER
fixed length control field 00582nam a22001457a 4500
020 ## - INTERNATIONAL STANDARD BOOK NUMBER
ISBN 0-571-21926-8
082 ## - DEWEY DECIMAL CLASSIFICATION NUMBER
Classification number 823
Item number BRU/W
100 ## - MAIN ENTRY--AUTHOR NAME
Personal name BRUGMAN, ALYSSA
245 ## - TITLE STATEMENT
Title WALKING NAKED
260 ## - PUBLICATION, DISTRIBUTION, ETC. (IMPRINT)
Place of publication LONDON
Name of publisher FABER AND FABER
Year of publication 1994
300 ## - PHYSICAL DESCRIPTION
Number of Pages 171
520 ## - SUMMARY, ETC.
Summary, etc A sharply-observed, unflinching story for teenagers about the ins and outs of friendship among girls; a story about individuals and peer groups, about power and freedom, about the painful getting of wisdom and self-knowledge. 'Every school has one. They are ugly or fat.
650 ## - SUBJECT ADDED ENTRY--TOPICAL TERM
Topical Term NOVEL
Geographic subdivision UNITED KINGDOM
942 ## - ADDED ENTRY ELEMENTS (KOHA)
Koha item type Books
Holdings
Withdrawn status Lost status Collection code Home library Current library Shelving location Date acquired Source of acquisition Full call number Accession Number Koha item type
    Fiction Main Library Main Library SHELF-14B -ALPHABETICAL -B--ENGLISH NOVELS & FICTIONS 13/03/2014 purchase 823 BRU/W 07904 Books